000 01134nam a2200349 4500
999 _c23463
_d23463
001 vtls000695884
005 20221012102705.0
008 211027s2021 xo g 000 f slo d
020 _a9788022023313
_q(viazané)
035 _aa000695884
040 _aTTKJF
_bslo
_cTTKJF
_dUKB
_erda
041 0 _aslo
044 _axo
_cSK
072 7 _a821.162.4-3
_xSlovenská próza
_2konspekt
080 _a821.162.4-31
_22011
080 _a(0:82-311.6)
_22011
080 _a(0:82-312.5)
_22011
080 _a(0.038)
_22011
080 _a(0:82-312.9)
_22011
100 1 _aPronská, Jana,
_d1972-
_4aut
_92483
245 1 0 _aKliatba
_n3. diel
_pPrincezná z Izmiru
_cJana Pronská
246 3 0 _aPrincezná z Izmiru
264 1 _aBratislava
_bSlovenský spisovateľ, a.s.
_c2021
300 _a205 strán, 1 nečíslovaná strana
_c21 cm
336 _atext
_btxt
_2rdacontent
337 _abez média
_bn
_2rdamedia
338 _azväzok
_bnc
_2rdacarrier
655 7 _aslovenské romány
_2UKBPH
_91694
655 7 _ahistorické romány
_2UKBPH
_91688
655 7 _aľúbostné romány
_2UKBPH
_913
655 7 _afantazijné romány
_2UKBPH
_92291